Aulad/ (Record no. 45054)

MARC details
000 -LEADER
fixed length control field 01129njm a22002777a 4500
005 - DATE AND TIME OF LATEST TRANSACTION
control field 2010091003103.0
007 - PHYSICAL DESCRIPTION FIXED FIELD--GENERAL INFORMATION
fixed length control field sd ammalaaahaa
008 - FIXED-LENGTH DATA ELEMENTS--GENERAL INFORMATION
fixed length control field 100901t xxu||||| |||| 00| 0 hin d
028 ## - PUBLISHER NUMBER
Publisher number N.55660
Source His Master's Voice
028 ## - PUBLISHER NUMBER
Publisher number OJE.27583
Source His Master's Voice
035 ## - SYSTEM CONTROL NUMBER
System control number GR-01812
040 ## - CATALOGING SOURCE
Original cataloging agency SED/VEN
100 ## - MAIN ENTRY--PERSONAL NAME
9 (RLIN) 17815
Personal name Bhosle, Asha
245 ## - TITLE STATEMENT
Title Aulad/
Statement of responsibility, etc by Asha Bhosle, Manna Dey & Suman Kalyanpur : Music by Chitragupta
Medium [sound recording] :
Remainder of title Hindustani
246 ## - VARYING FORM OF TITLE
Title proper/short title औलाद (आशा भोसले,मन्ना डे & सुमन कल्यानपुर)
260 ## - PUBLICATION, DISTRIBUTION, ETC. (IMPRINT)
Place of publication, distribution, etc Dum Dum, India
Name of publisher, distributor, etc His Master's Voice
Date of publication, distribution, etc 1964
300 ## - PHYSICAL DESCRIPTION
Extent 1 sound disc :
Other physical details analog, 33 1/3 rpm
Dimensions 10 in.
500 G# - GENERAL NOTE
General note Brief record
505 ## - FORMATTED CONTENTS NOTE
Formatted contents note Side-1 Jodi hamari (जोड़ी हमारी), Side-2 Dagaabajhi piyaa (दगाबझी पीया)
650 ## - SUBJECT ADDED ENTRY--TOPICAL TERM
Topical term or geographic name as entry element Classical music
General subdivision Excerpts
Geographic subdivision India
9 (RLIN) 17813
700 ## - ADDED ENTRY--PERSONAL NAME
9 (RLIN) 18219
Personal name Dey, Manna
700 ## - ADDED ENTRY--PERSONAL NAME
9 (RLIN) 18220
Personal name Kalyanpur, Suman
700 ## - ADDED ENTRY--PERSONAL NAME
9 (RLIN) 19343
Personal name Chitragupta
942 ## - ADDED ENTRY ELEMENTS (KOHA)
Source of classification or shelving scheme Dewey Decimal Classification
Item type Gramaphone Records
Holdings
Withdrawn status Lost status Source of classification or shelving scheme Damaged status Not for loan Home library Current library Date acquired Source of acquisition Total Checkouts Barcode Date last seen Copy number Price effective from Koha item type
    Dewey Decimal Classification   Not For Loan Central Library Central Library 10/09/2010 SED/VEN   GR-01812 10/09/2010 1 10/09/2010 Gramaphone Records

© Delhi Public Library
Hit Counter
free hit counter